| 000 | 00735 a2200241 4500 | ||
|---|---|---|---|
| 001 | 138949 | ||
| 003 | OSt | ||
| 005 | 20210928172402.0 | ||
| 008 | |||
| 020 | _a817827082X | ||
| 082 |
_a320.92 _bV59A |
||
| 100 | _aAmbedkar's vision and education of weaker sections | ||
| 245 | 1 |
_aAmbedkar's vision and education of weaker sections _cedited by D.K. Verma and A. Sohrot |
|
| 260 |
_aNew Delhi _bManak Publications _c2004 |
||
| 300 | _a199p. | ||
| 630 | _aSocial Work | ||
| 630 | _aScheduled tribes in India-Education | ||
| 630 | _aAmbedkar, B. R. (Bhimrao Ramji), 1891-1956 | ||
| 630 | _aDalits-Education | ||
| 700 |
_aVerma, D.K _eeditor |
||
| 700 | _aSohrot, A ed. | ||
| 942 |
_2ddc _cBK |
||
| 999 |
_c11684 _d11684 |
||